AN (XVIIe législature) - Députés RN et app. (niveau 1) - Statistiques

Statistiques générales
  • Ce quiz a été pris 8 fois
  • Le résultat moyen est 16 sur 122
Statistiques - réponses
Par images Réponse % Correct
Marine Le Pen (Pas-de-Calais 11e)
100%
Sébastien Chenu (Nord 19e)
100%
Jean-Philippe Tanguy (Somme 4e)
83%
Julien Odoul (Yonne 3e)
83%
Laure Lavalette (Var 2e)
67%
Laurent Jacobelli (Moselle 8e)
67%
Edwige Diaz (Gironde 11e)
50%
Franck Allisio (Bouches-du-Rhône 12e)
50%
Hélène Laporte (Lot-et-Garonne 2e)
50%
Philippe Ballard (Oise 2e)
50%
Thomas Ménagé (Loiret 4e)
50%
Alexandra Masson (Alpes-Maritimes 4e)
33%
Bruno Bilde (Pas-de-Calais 12e)
33%
Bryan Masson (Alpes-Maritimes 6e)
33%
Christophe Barthès (Aude 1e)
33%
Emmanuel Taché (Bouches-du-Rhône 16e)
33%
José Gonzalez (Bouches-du-Rhône 10e)
33%
Maxime Amblard (Meuse 1e)
33%
Alexandre Loubet (Moselle 7e)
17%
Alexis Jolly (Isère 6e)
17%
Anchya Bamana (Mayotte 2e)
17%
Aurélien Lopez-Liguori (Hérault 7e)
17%
Bruno Clavet (Pas-de-Calais 3e)
17%
Caroline Colombier (Charente 3e)
17%
Caroline Parmentier (Pas-de-Calais 9e)
17%
Emmanuel Fouquart (Bouches-du-Rhône 13e)
17%
Frédéric Boccaletti (Var 7e)
17%
Gaëtan Dussaussaye (Vosges 2e)
17%
Gisèle Lelouis (Bouches-du-Rhône 3e)
17%
Guillaume Bigot (Territoire de Belfort 2e)
17%
Hervé de Lépinau (Vaucluse 4e)
17%
Jocelyn Dessigny (Aisne 5e)
17%
Joëlle Mélin (Bouches-du-Rhône 9e)
17%
José Beaurain (Aisne 4e)
17%
Julie Lechanteux (Var 5e)
17%
Julien Gabarron (Hérault 6e)
17%
Julien Limongi (Seine-et-Marne 4e)
17%
Julien Rancoule (Aude 3e)
17%
Kévin Mauvieux (Eure 3e)
17%
Kévin Pfeffer (Moselle 6e)
17%
Lionel Tivoli (Alpes-Maritimes 2e)
17%
Marine Hamelet (Tarn-et-Garonne 2e)
17%
Matthias Renault (Somme 3e)
17%
Michaël Taverne (Nord 12e)
17%
Nicolas Meizonnet (Gard 2e)
17%
Pascale Bordes (Gard 3e)
17%
Philippe Schreck (Var 8e)
17%
Roger Chudeau (Loir-et-Cher 2e)
17%
Romain Baudry (Bouches-du-Rhône 15e)
17%
Romain Tonussi (Bouches-du-Rhône 8e)
17%
Stéphanie Galzy (Hérault 5e)
17%
Thierry Frappé (Pas-de-Calais 10e)
17%
Yoann Gillet (Gard 1e)
17%
Alexandre Dufosset (Nord 18e)
0%
Alexandre Sabatou (Oise 3e)
0%
Anaïs Sabatini (Pyrénées-Orientales 2e)
0%
Angélique Ranc (Aube 3e)
0%
Anne Sicard (Val-d'Oise 1e)
0%
Anthony Boulogne (Meurthe-et-Moselle 6e)
0%
Antoine Golliot (Pas-de-Calais 5e)
0%
Antoine Villedieu (Haute-Saône 1e)
0%
Auguste Evrard (Pas-de-Calais 8e)
0%
Aurélien Dutremble (Saône-et-Loire 3e)
0%
Béatrice Roullaud (Seine-et-Marne 6e)
0%
Bénédicte Auzanot (Vaucluse 2e)
0%
Catherine Rimbert (Vaucluse 5e)
0%
Christian Girard (Alpes-de-Haute-Provence 1e)
0%
Christine Loir (Eure 1e)
0%
Christophe Bentz (Haute-Marne 1e)
0%
Claire Marais-Beuil (Oise 1e)
0%
David Magnier (Oise 7e)
0%
Eddy Casterman (Aisne 3e)
0%
Emeric Salmon (Haute-Saône 5e)
0%
Emmanuel Blairy (Pas-de-Calais 1e)
0%
Florence Goulet (Meuse 2e)
0%
Florence Joubert (Dordogne 3e)
0%
Frank Giletti (Var 6e)
0%
Frédéric Falcon (Aude 2e)
0%
Frédéric-Pierre Vos (Oise 5e)
0%
Frédéric Weber (Meurthe-et-Moselle 3e)
0%
Géraldine Grangier (Doubs 4e)
0%
Guillaume Florquin (Nord 20e)
0%
Jérôme Buisson (Ain 4e)
0%
Jonathan Géry (Rhône 8e)
0%
Jordan Guitton (Aube 1e)
0%
Jorys Bovet (Allier 2e)
0%
Joseph Rivière (Réunion 3e)
0%
Julien Guibert (Nièvre 2e)
0%
Katiana Levavasseur (Eure 2e)
0%
Laurence Robert-Dehault (Haute-Marne 2e)
0%
Lisette Pollet (Drôme 2e)
0%
Manon Bouquin (Hérault 4e)
0%
Marc de Fleurian (Pas-de-Calais 7e)
0%
Marie-France Lorho (Vaucluse 4e)
0%
Matthieu Marchio (Nord 16e)
0%
Michèle Martinez (Pyrénées-Orientales 4e)
0%
Michel Guiniot (Oise 6e)
0%
Monique Griseti (Bouches-du-Rhône 1e)
0%
Nadine Lechon (Dordogne 1e)
0%
Nathalie Da Conceicao Carvalho (Essonne 2e)
0%
Nicolas Dragon (Aisne 1e)
0%
Pascal Jenft (Moselle 5e)
0%
Pascal Markowsky (Charente-Maritime 4e)
0%
Patrice Martin (Seine-Maritime 6e)
0%
Philippe Lottiaux (Var 4e)
0%
Pierre Meurin (Gard 4e)
0%
René Lioret (Côte-d'Or 5e)
0%
Robert Le Bourgeois (Seine-Maritime 10e)
0%
Sandrine Dogor-Such (Pyrénées-Orientales 3e)
0%
Sébastien Humbert (Vosges 4e)
0%
Serge Muller (Dordogne 2e)
0%
Sophie Blanc (Pyrénées-Orientales 1e)
0%
Sophie-Laurence Roy (Yonne 2e)
0%
Stéphane Rambaud (Var 3e)
0%
Sylvie Josserand (Gard 6e)
0%
Théo Bernhardt (Bas-Rhin 8e)
0%
Thibault Monnier (Drôme 4e)
0%
Thierry Perez (Isère 10e)
0%
Thierry Tesson (Nord 17e)
0%
Tiffany Joncour (Rhône 13e)
0%
Timothée Houssin (Eure 5e)
0%
Yaël Ménaché (Somme 5e)
0%
Aucun quiz correspondant
Distribution des résultats
% des personnes avec chaque résultat
Percentile par nombre de réponses
Votre historique - résultats
Vous n’avez pas pris ce quiz